000 00353nam a22001217a 4500
999 _c3567
_d3567
005 20201208100254.0
008 201208b ||||| |||| 00| 0 eng d
020 _a0333600541
040 _cCML
245 _aMetalwork Technology.
_cSackey J.K.N.
260 _aLondon
_bMacmillan Education
_c1996
942 _2ddc
_cBK
_e1st Edition
_h671
_mSAC